00219nam a22000977a 4500040000700000082000800007100001900015245005300034260002500087300000900112 cSK a910 aHUOT KONGHEANG aGis geographic information system map projection aNEW YORKbHUO c1998 a59p.